[Event "Open 13 2011/2012"]
[Site "Vitrolles"]
[Date "2012.03.17"]
[Round "8"]
[White "Nari, Alain"]
[Black "Joubert, Leo"]
[Result "1/2-1/2"]
[WhiteElo "1730"]
[BlackElo "1722"]
[PlyCount "56"]

1. e4 c5 2. Nc3 Nc6 3. Bb5 Nd4 4. Bc4 d6 5. Nge2 Nf6 6. O-O a6 7. a3 g6 8. d3
Bg7 9. Nxd4 cxd4 10. Ne2 d5 11. exd5 Nxd5 12. Ng3 O-O 13. Bg5 h6 14. Bd2 Be6
15. Qf3 b5 16. Bb3 Nc7 17. Bxe6 Nxe6 18. Rfe1 Rc8 19. Rac1 Qb6 20. h4 Qc6 21.
Qg4 h5 22. Nxh5 gxh5 23. Qxh5 Qc5 24. Qg4 Kh7 25. Qe4+ Kh8 26. g4 Qc6 27. Qf5
Qc5 28. Qe4 Qc6 1/2-1/2

[Event "Open 13 2011/2012"]
[Site "Vitrolles"]
[Date "2012.03.17"]
[Round "8"]
[White "Mosse, Laurent"]
[Black "Tchifteyan, Philippe"]
[Result "1-0"]
[WhiteElo "1780"]
[BlackElo "1661"]
[PlyCount "81"]

1. e4 c5 2. Nf3 Nc6 3. d4 cxd4 4. Nxd4 d6 5. Be3 Nf6 6. Nc3 g6 7. Bb5 Bd7 8.
O-O Bg7 9. h3 a6 10. Bxc6 bxc6 11. f4 d5 12. e5 Ng8 13. Nb3 h5 14. Bd4 e6 15.
Nc5 Bc8 16. b4 Ne7 17. a4 O-O 18. b5 axb5 19. axb5 Rxa1 20. Qxa1 Nf5 21. Qa4
Nxd4 22. Qxd4 cxb5 23. Nxb5 f6 24. Ra1 fxe5 25. fxe5 Qg5 26. Nd3 Bd7 27. Nd6
Rb8 28. Qa7 Qd8 29. Kh2 Be8 30. Nxe8 Qxe8 31. Ra6 Rc8 32. Qf2 Rc4 33. Rd6 Re4
34. Qb6 Qa4 35. Rd8+ Kh7 36. Qxe6 Qxc2 37. Qg8+ Kh6 38. Rd7 Qxd3 39. Qxg7+ Kg5
40. Qf6+ Kh6 41. Rd8 1-0

[Event "Open 13 2011/2012"]
[Site "Vitrolles"]
[Date "2012.03.17"]
[Round "8"]
[White "Jullien, Patrick"]
[Black "Israel, Daniel"]
[Result "0-1"]
[WhiteElo "1666"]
[BlackElo "1832"]
[PlyCount "66"]

1. e4 c5 2. Nc3 d6 3. f4 g6 4. Bc4 Bg7 5. Nf3 Nf6 6. O-O O-O 7. d3 Nc6 8. f5
gxf5 9. Qe1 fxe4 10. Nxe4 Nxe4 11. Qxe4 h6 12. Nh4 e6 13. Qg4 Ne5 14. Qg3 Kh7
15. Bb3 Rg8 16. Nf3 Nxf3+ 17. Qxf3 f5 18. c3 Rb8 19. Be3 b5 20. Bc2 Bb7 21. Qh5
Qf8 22. Rf2 Bf6 23. Bf4 Bg5 24. Bxg5 Rxg5 25. Qh3 Qf7 26. Re1 Rbg8 27. Ree2
R8g6 28. Bb3 Qg8 29. d4 c4 30. Bc2 Bd5 31. g3 Qf7 32. Rf4 Qg7 33. Rh4 Rxg3+ 0-1

[Event "Open 13 2011/2012"]
[Site "Vitrolles"]
[Date "2012.03.17"]
[Round "8"]
[White "Estevez, Ange"]
[Black "Parroco, Pierre-Jean"]
[Result "1/2-1/2"]
[WhiteElo "1624"]
[BlackElo "1704"]
[PlyCount "42"]

1. e4 e5 2. Bc4 Nf6 3. d4 exd4 4. Nf3 Nc6 5. Bg5 Be7 6. e5 Ne4 7. Bxe7 Qxe7 8.
O-O O-O 9. Re1 Ng5 10. Nxd4 Nxd4 11. Qxd4 d6 12. Nd2 dxe5 13. Qxe5 Qxe5 14.
Rxe5 Ne6 15. Rae1 Bd7 16. Nb3 b6 17. Rd1 Rad8 18. Red5 Bc8 19. Rxd8 Rxd8 20.
Rxd8+ Nxd8 21. Nd4 Bd7 1/2-1/2

[Event "Open 13 2011/2012"]
[Site "Vitrolles"]
[Date "2012.03.31"]
[Round "9"]
[White "Faure, Alexandre"]
[Black "Dudognon, Thibault"]
[Result "1/2-1/2"]
[WhiteElo "1764"]
[BlackElo "1802"]
[PlyCount "35"]

1. e4 c5 2. c3 d5 3. exd5 Qxd5 4. d4 g6 5. Nf3 Bg7 6. Na3 Nf6 7. Bc4 Qe4+ 8.
Be3 O-O 9. O-O cxd4 10. Bxd4 Nc6 11. Re1 Qf4 12. Be3 Qb8 13. Bc5 Qc7 14. Nb5
Qf4 15. Nbd4 Qc7 16. Nb5 Qf4 17. Nbd4 Qc7 18. Nb5 1/2-1/2

[Event "Open 13 2011/2012"]
[Site "Vitrolles"]
[Date "2012.03.31"]
[Round "9"]
[White "Jean, Nicolas"]
[Black "Figier, Anthony"]
[Result "1-0"]
[WhiteElo "1808"]
[BlackElo "1818"]
[PlyCount "77"]

1. e4 Nf6 2. e5 Nd5 3. d4 d6 4. Nf3 g6 5. Bc4 Nb6 6. Bb3 Bg7 7. O-O O-O 8. h3
Nc6 9. Bf4 a5 10. c3 Bf5 11. a4 d5 12. Qc1 f6 13. Re1 e6 14. Na3 Be4 15. Nd2
fxe5 16. Bxe5 Nxe5 17. dxe5 Bd3 18. Nf3 Nd7 19. Qd1 Nc5 20. Bc2 Bxc2 21. Nxc2
Ne4 22. Ncd4 Qe7 23. Nb3 b6 24. Nbd2 Nxd2 25. Qxd2 c5 26. b4 Rf5 27. bxc5 bxc5
28. Rab1 Qc7 29. Qe3 Raf8 30. Rb5 c4 31. Rb6 Qe7 32. Reb1 Rf4 33. Rb7 Qa3 34.
Ng5 d4 35. cxd4 Qxa4 36. Nxe6 R4f7 37. Nxf8 Rxb7 38. Rxb7 Bxf8 39. Qf3 1-0

[Event "Open 13 2011/2012"]
[Site "Vitrolles"]
[Date "2012.03.31"]
[Round "9"]
[White "Montanelli, Tristan"]
[Black "Danielian, Kevin"]
[Result "1/2-1/2"]
[WhiteElo "1685"]
[BlackElo "1559"]
[PlyCount "87"]

1. f4 d5 2. Nf3 Nf6 3. g3 c6 4. b3 Qb6 5. e3 Bg4 6. Bb2 Nbd7 7. h3 Bxf3 8. Qxf3
e6 9. d3 Bb4+ 10. c3 Bc5 11. d4 Bd6 12. Nd2 c5 13. Rb1 cxd4 14. exd4 Rc8 15.
Bd3 h5 16. O-O O-O 17. Kg2 Qa5 18. g4 hxg4 19. hxg4 g6 20. Rh1 Kg7 21. a4 Rh8
22. Bb5 Qc7 23. Bxd7 Qxd7 24. g5 Nh5 25. Rh4 Nxf4+ 26. Rxf4 Bxf4 27. Qxf4 Qe7
28. Rf1 Rh5 29. Qe5+ Kg8 30. Rf6 Qc7 31. Qxc7 Rxc7 32. Nf3 Kg7 33. Rf4 Rc8 34.
Rh4 Rxh4 35. Nxh4 f6 36. gxf6+ Kxf6 37. Nf3 a6 38. Ne5 b5 39. a5 Rc7 40. Kg3
Kf5 41. Kf3 Rh7 42. Kg2 Rc7 43. Kf3 Rh7 44. Kg2 1/2-1/2

[Event "Open 13 2011/2012"]
[Site "Vitrolles"]
[Date "2012.03.31"]
[Round "9"]
[White "Del Vecchio, Alain"]
[Black "Girard, Jean-Pierre"]
[Result "1-0"]
[WhiteElo "1770"]
[BlackElo "1868"]
[PlyCount "91"]

1. e4 c5 2. Nc3 Nc6 3. g3 g6 4. Bg2 Bg7 5. d3 e6 6. Be3 d6 7. Qd2 Qd7 8. Nge2
b6 9. O-O Bb7 10. d4 O-O-O 11. Rfd1 Nge7 12. Nb5 cxd4 13. Nexd4 Nxd4 14. Nxd4
Nc6 15. c4 Bxd4 16. Bxd4 Nxd4 17. Qxd4 e5 18. Qe3 Qc6 19. a4 f5 20. a5 Qc5 21.
Qc3 Rhf8 22. b4 Qc7 23. Qe3 f4 24. Bh3+ Kb8 25. Qe2 h5 26. Be6 fxg3 27. fxg3 h4
28. Qe3 hxg3 29. hxg3 Rf6 30. axb6 Qxb6 31. Qxb6 axb6 32. Bd5 Rf3 33. Kg2 Rdf8
34. Rf1 Rxf1 35. Rxf1 Rxf1 36. Kxf1 Bxd5 37. cxd5 Kb7 38. b5 Kc7 39. Ke2 Kd8
40. Kf3 Ke7 41. Kg4 Kf6 42. Kh4 Kf7 43. Kg5 Kg7 44. g4 Kf7 45. Kh6 Kf6 46. g5+
1-0

[Event "Open 13 2011/2012"]
[Site "Vitrolles"]
[Date "2012.03.31"]
[Round "9"]
[White "Savalle, Mathilde"]
[Black "Madranges, Jean"]
[Result "1-0"]
[WhiteElo "1654"]
[BlackElo "1832"]
[PlyCount "43"]

1. e4 c5 2. Nf3 a6 3. d4 cxd4 4. Nxd4 e5 5. Nb3 Nf6 6. Nc3 Bb4 7. Qd3 O-O 8.
Bd2 Bxc3 9. Bxc3 d5 10. exd5 Nxd5 11. O-O-O Be6 12. Qg3 Nd7 13. Bxe5 f6 14. Bd6
Re8 15. Be2 Rc8 16. Bh5 g6 17. Bxg6 hxg6 18. Qxg6+ Kh8 19. Rd4 Rxc2+ 20. Qxc2
f5 21. Qd2 Qf6 22. Rxd5 1-0

[Event "Open 13 2011/2012"]
[Site "Vitrolles"]
[Date "2012.03.31"]
[Round "9"]
[White "Beraud, Robert"]
[Black "Charvein, Gabriel"]
[Result "1-0"]
[WhiteElo "1810"]
[BlackElo "1764"]
[PlyCount "51"]
[EventDate "2012.??.??"]

1. e4 c5 2. Nc3 Nc6 3. g3 g6 4. Bg2 Bg7 5. d3 d6 6. f4 e6 7. Nf3 Nge7 8. O-O
O-O 9. Be3 Nd4 10. e5 Nef5 11. Bf2 d5 12. Na4 Qa5 13. c3 Nxf3+ 14. Bxf3 b6 15.
g4 Ne7 16. c4 Bd7 17. Nc3 Bc6 18. Bh4 f6 19. Qe2 Bd7 20. cxd5 Nxd5 21. Nxd5
exd5 22. Bxd5+ Kh8 23. Bxa8 Rxa8 24. exf6 Bf8 25. f7 Bg7 26. Qe7 1-0

[Event "Open 13 2011/2012"]
[Site "Vitrolles"]
[Date "2012.03.31"]
[Round "9"]
[White "Urcun, Gael"]
[Black "Panagiotopoulos, Christos"]
[Result "1-0"]
[WhiteElo "1703"]
[BlackElo "1810"]
[PlyCount "63"]
[EventDate "2012.??.??"]

1. e4 c5 2. Nc3 d6 3. g3 g6 4. Bg2 Bg7 5. d3 Nf6 6. h3 Nc6 7. Be3 Bd7 8. Qd2 a6
9. Bh6 O-O 10. h4 Nd4 11. O-O-O Rb8 12. h5 Nxh5 13. Bxg7 Kxg7 14. f3 e5 15.
Nge2 Nxe2+ 16. Nxe2 Qf6 17. Rh2 Rh8 18. Rf1 h6 19. f4 Bg4 20. Bf3 Bxf3 21. Rxf3
exf4 22. g4 Qe6 23. gxh5 Qxa2 24. Qc3+ f6 25. Rxf4 Rhf8 26. Rhf2 Qe6 27. hxg6
b5 28. Ng3 b4 29. Qc4 Qxc4 30. dxc4 b3 31. Nf5+ Kxg6 32. Rg2+ 1-0

[Event "Open 13 2011/2012"]
[Site "Vitrolles"]
[Date "2012.03.31"]
[Round "9"]
[White "Derien, Robert"]
[Black "Cescon, Moreno"]
[Result "1/2-1/2"]
[WhiteElo "1731"]
[BlackElo "1820"]
[PlyCount "199"]

1. e4 d6 2. d4 Nf6 3. Nc3 g6 4. Nf3 Bg7 5. Bd3 O-O 6. O-O Nc6 7. a3 Bg4 8. Be3
a6 9. h3 Bd7 10. Ne2 Nh5 11. c3 b5 12. Nf4 Nxf4 13. Bxf4 Qc8 14. Kh2 e5 15.
dxe5 Nxe5 16. Nxe5 dxe5 17. Be3 f5 18. exf5 Bxf5 19. Bxf5 Qxf5 20. Qd5+ Qf7 21.
Rad1 Rfd8 22. Qc6 Re8 23. Rd7 Qc4 24. Qd5+ Qxd5 25. Rxd5 Rad8 26. Rfd1 Rxd5 27.
Rxd5 Kf7 28. Rc5 Re7 29. Rc6 a5 30. Rc5 c6 31. Rxc6 Rb7 32. Kg3 b4 33. axb4
axb4 34. c4 b3 35. Rd6 Rc7 36. c5 e4 37. Rb6 Bxb2 38. Rxb3 Be5+ 39. f4 exf3+
40. Kxf3 Ke6 41. Ke4 Bh2 42. Rb6+ Kf7 43. c6 Re7+ 44. Kf3 Rxe3+ 45. Kxe3 Bg1+
46. Ke4 Bxb6 47. Kd5 Bc7 48. g4 Kf6 49. h4 h6 50. Ke4 Ke6 51. Kd4 Kd6 52. Ke4
Kxc6 53. h5 gxh5 54. gxh5 Kd7 55. Kf5 Ke7 56. Kg6 Bf4 57. Kf5 Bc1 58. Ke5 Bb2+
59. Kf5 Kf7 60. Kf4 Kf6 61. Kg4 Ke5 62. Kg3 Kf5 63. Kh4 Bf6+ 64. Kg3 Kg5 65.
Kh3 Kxh5 66. Kg3 Kg5 67. Kh3 Kf4 68. Kg2 Kg4 69. Kh2 Kf3 70. Kh3 h5 71. Kh2 Kg4
72. Kg2 h4 73. Kh2 Be5+ 74. Kg2 Bb8 75. Kh1 Kf3 76. Kg1 Ke2 77. Kg2 Ba7 78. Kh3
Bf2 79. Kg2 Ke1 80. Kh3 Kf1 81. Kh2 Be1 82. Kh1 Bb4 83. Kh2 Bd6+ 84. Kh1 Ke2
85. Kg2 Be5 86. Kh3 Bg3 87. Kg2 Ke3 88. Kg1 Kf3 89. Kh1 Be5 90. Kg1 h3 91. Kh1
Ke2 92. Kg1 Ke3 93. Kh1 Kf4 94. Kh2 Kg4+ 95. Kg1 Kf3 96. Kh1 Ke2 97. Kg1 h2+
98. Kg2 Bg3 99. Kh1 Ke1 100. Kg2 1/2-1/2

[Event "Open 13 2011/2012"]
[Site "Vitrolles"]
[Date "2012.03.31"]
[Round "9"]
[White "Mosse, Laurent"]
[Black "Bertrand, Alexandre"]
[Result "1/2-1/2"]
[WhiteElo "1780"]
[BlackElo "1644"]
[PlyCount "165"]

1. e4 e5 2. Nf3 Nc6 3. d4 exd4 4. Nxd4 Bc5 5. Nxc6 bxc6 6. Bc4 Nf6 7. O-O Nxe4
8. Qg4 d5 9. Qxg7 Qf6 10. Qxf6 Nxf6 11. Bd3 Be6 12. Bf4 Kd7 13. Be5 Be7 14. Nc3
Rhg8 15. Bxf6 Bxf6 16. Bxh7 Rg7 17. Bd3 Bh3 18. g3 Bxf1 19. Rxf1 Rgg8 20. Bf5+
Kd6 21. Na4 Rg5 22. g4 Rag8 23. Kh1 Rxg4 24. Bxg4 Rxg4 25. b3 Re4 26. Kg2 Re2
27. Kg3 Rxc2 28. h4 Ke7 29. h5 Bg5 30. Kg4 Kf6 31. f3 Rg2+ 32. Kh3 Rxa2 33. f4
Bh6 34. Kg4 Re2 35. Rc1 Re6 36. Nc5 Re3 37. Nd7+ Kg7 38. Rg1 Kh7 39. Nf6+ Kh8
40. Kf5 Bg7 41. Ng4 Rh3 42. Kg5 Kh7 43. Re1 Bh6+ 44. Nxh6 f6+ 45. Kg4 Rxb3 46.
Nf5 a5 47. Re7+ Kh8 48. h6 a4 49. Rg7 Rb1 50. Kh5 a3 51. Kg6 a2 52. Rh7+ Kg8
53. Ne7+ Kf8 54. Nxc6 Rg1+ 55. Kxf6 a1=Q+ 56. Ne5 Qa6+ 57. Kf5 Kg8 58. Rxc7
Qxh6 59. Rc8+ Kh7 60. Rd8 Rg5+ 61. fxg5 Qh3+ 62. Kf6 Qf1+ 63. Ke6 Qa6+ 64. Kf5
Qf1+ 65. Ke6 Qa6+ 66. Rd6 Qc8+ 67. Rd7+ Kg8 68. Kxd5 Qa8+ 69. Nc6 Qa2+ 70. Kd6
Qd2+ 71. Kc7 Qxg5 72. Ne7+ Kf8 73. Nc6 Qc5 74. Rd8+ Kf7 75. Rd7+ Kf6 76. Rd6+
Kf5 77. Rd7 Ke6 78. Re7+ Kf6 79. Rd7 Qe3 80. Rd6+ Kf5 81. Rd5+ Kg4 82. Rd4+ Kf3
83. Rd3 1/2-1/2

[Event "Open 13 2011/2012"]
[Site "Vitrolles"]
[Date "2012.03.31"]
[Round "9"]
[White "Israel, Daniel"]
[Black "Giraud, Sylvain"]
[Result "1-0"]
[WhiteElo "1832"]
[BlackElo "1810"]
[PlyCount "53"]

1. Nf3 Nf6 2. g3 g6 3. Bg2 Bg7 4. O-O O-O 5. d3 d5 6. Nbd2 Nc6 7. c3 e5 8. e4
dxe4 9. dxe4 Bg4 10. Qc2 Qe7 11. Nc4 Rfd8 12. Bg5 h6 13. Bxf6 Qxf6 14. Ne1 Qe7
15. Nd3 Be6 16. Ne3 Qf8 17. f4 exf4 18. gxf4 f5 19. e5 Qe8 20. Nc5 Bc8 21. Rad1
Bf8 22. Nxb7 Rxd1 23. Qxd1 Be6 24. Nd5 Bxd5 25. Qxd5+ Kg7 26. Qxc6 Qe7 27. Rd1
1-0

[Event "Open 13 2011/2012"]
[Site "Vitrolles"]
[Date "2012.03.31"]
[Round "9"]
[White "Vialette, Eric"]
[Black "Nari, Alain"]
[Result "0-1"]
[WhiteElo "1740"]
[BlackElo "1730"]
[PlyCount "116"]

1. e4 c5 2. f4 e6 3. Nf3 a6 4. a3 Nf6 5. Nc3 b5 6. d3 Bb7 7. h3 Nh5 8. Ne2 Be7
9. h4 f5 10. Be3 fxe4 11. dxe4 Bxe4 12. Ng5 Bb7 13. Rh3 h6 14. Nf3 Bxf3 15.
gxf3 Nf6 16. Qd3 Nd5 17. Qg6+ Kf8 18. Bf2 Qa5+ 19. c3 b4 20. cxb4 cxb4 21. Bd4
Bf6 22. Bxf6 Nxf6 23. Rg3 Rg8 24. Kf2 bxa3 25. Rxa3 Qh5 26. Qc2 Nc6 27. Bh3
Qxh4 28. Bxe6 dxe6 29. Qxc6 Re8 30. Rxa6 Nh5 31. Qd6+ Re7 32. Ra7 Nxg3 33. Nxg3
Kf7 34. Rxe7+ Qxe7 35. Qe5 Qf6 36. Qc7+ Qe7 37. Qe5 Rc8 38. Ne4 Qh4+ 39. Ke2
Qh2+ 40. Kd3 Qc2+ 41. Ke3 Qc1+ 42. Kd3 Qd1+ 43. Ke3 Qe1+ 44. Kd3 Rd8+ 45. Kc4
Qe2+ 46. Kb4 Qe1+ 47. Kc4 Qc1+ 48. Qc3 Rc8+ 49. Nc5 Qxc3+ 50. bxc3 h5 51. Kd4
h4 52. Ne4 Kg6 53. Ng5 Kf5 54. Nh3 Kf6 55. c4 Ke7 56. c5 Rd8+ 57. Ke4 Kf6 58.
Ng5 Rd5 0-1

[Event "Open 13 2011/2012"]
[Site "Vitrolles"]
[Date "2012.03.31"]
[Round "9"]
[White "Tchifteyan, Philippe"]
[Black "Parroco, Pierre-Jean"]
[Result "1/2-1/2"]
[WhiteElo "1661"]
[BlackElo "1704"]
[PlyCount "122"]

1. e4 e5 2. Nf3 Nc6 3. d4 exd4 4. Nxd4 Nf6 5. f3 Bc5 6. Be3 Bb6 7. c4 Nxe4 8.
g3 Ba5+ 9. Ke2 Nf6 10. Kf2 d6 11. Nd2 O-O 12. Nxc6 bxc6 13. Nb3 Bb6 14. c5 dxc5
15. Bxc5 Bxc5+ 16. Nxc5 Qe7 17. Qc2 Re8 18. Bd3 Bh3 19. Rhe1 Qd6 20. Qc4 Re5
21. Rac1 Rae8 22. Rxe5 Qxe5 23. Ne4 Nd5 24. Kg1 f5 25. Nf2 Qe1+ 26. Rxe1 Rxe1+
27. Bf1 Rxf1+ 28. Qxf1 Bxf1 29. Kxf1 Kf7 30. Ke2 Ke6 31. Nd3 g5 32. a3 Kd6 33.
Kd2 c5 34. b3 Ne7 35. Kc3 Kd5 36. Ne1 Nc6 37. Ng2 Ne7 38. h4 h6 39. hxg5 hxg5
40. Ne3+ Kd6 41. Kc4 f4 42. gxf4 gxf4 43. Ng2 Nd5 44. Kb5 c6+ 45. Kc4 a5 46. a4
Nb6+ 47. Kd3 Ke5 48. Nh4 c4+ 49. bxc4 Nxa4 50. Ng6+ Kd6 51. Nxf4 Nc5+ 52. Kc3
Ne6 53. Nd3 c5 54. f4 Nd4 55. Kd2 a4 56. Kc1 a3 57. Kb1 Nf5 58. Ka2 Ne3 59. Ne5
Ke6 60. Kxa3 Nxc4+ 61. Nxc4 Kf5 1/2-1/2

[Event "Open 13 2011/2012"]
[Site "Vitrolles"]
[Date "2012.03.31"]
[Round "9"]
[White "Flores, Antonio"]
[Black "Jullien, Patrick"]
[Result "1-0"]
[WhiteElo "1627"]
[BlackElo "1666"]
[PlyCount "85"]

1. d4 d5 2. c4 e6 3. Nc3 Nf6 4. a3 Be7 5. e3 b6 6. Bd3 Bb7 7. Nf3 Nbd7 8. b3
Ne4 9. Bb2 Ndf6 10. Ne5 O-O 11. Ne2 c5 12. f3 Nd6 13. h4 Nf5 14. Qd2 cxd4 15.
Nxd4 Nd6 16. Nec6 Qe8 17. Ne5 Rc8 18. Rc1 dxc4 19. bxc4 Rc5 20. Ne2 Qc8 21. a4
Rd8 22. Qc3 Nd5 23. Qd4 Nf6 24. Qc3 Nf5 25. Bxf5 exf5 26. Nf4 Rc7 27. O-O a5
28. Qb3 Bc5 29. Rfe1 Bb4 30. Re2 Ba6 31. Rec2 Bc5 32. Kh1 Nd7 33. Qc3 Nf6 34.
Nd5 Rxd5 35. cxd5 Nxd5 36. Qb3 Qe6 37. Rd2 Bxe3 38. Rxd5 Rc8 39. Rxc8+ Qxc8 40.
Qxe3 f6 41. Nd3 Bb7 42. Rd6 h6 43. Qe6+ 1-0